000 00767nam a2200181 i 4500
001 166312
003 ES-MaACL
005 20230906213314.0
008 000207s1882 sp |||| | spa d
040 _aCCPB | B
_bspa
_cCCPB | B
100 1 _aTinajero Martínez, Vicente.
_9110300
245 1 3 _a[Jesús crucificado de Juan Alberto de Casares y Menéndez de los Reyes /
_cVicente Tinajero Martínez].
260 _aMadrid :
_b[s.n.],
_c1882 (
_fimprenta de Manuel G. Hernández)
300 _a67, [1] p. ;
_c23 cm.
590 0 _aTítulo facticio entresacado del texto, ejemplar sin portada.
600 1 4 _aCasares y Menéndez de los Reyes, Juan Alberto.
_9166956
852 _aES-MaACL
_jT-350-F-13
_z-- Enc. hol.
_q-- Falto de la port.
_z-- Enc. en un vol. facticio
999 _c166312
_d166312